BIBLIOTHÈQUE DE LA MAISON DU MEXIQUE

Logo 1 Logo 2

Historia de la revolución de Nueva España, antiguamente Anáhuac o Verdadero origen y causas de ella con la relación de sus progresos hasta el presente año de 1813 (notice nᵒ 10978)

détails MARC
000 -Sello discográfico
campo de control de longitud fija 01371nam a2200349 4500
005 - Identificación de versión
campo de control 20251017062835.0
010 ## - Número Estándar Internacional de Libros (ISBN)
Número (ISBN) 2-85944-185-9
035 ## - Otros números de control del sistema
Número de control del sistema 19723
099 ## - fechas locales
Tipo de ítem Koha LIBRO
100 ## - Datos de procesamiento general
Datos de procesamiento general 20040304d1990 m y1spay5003 ba
105 ## - Campo de datos codificados: Material textual, monográfico
Datos codificados de monografía a 001zy
200 1# - Título y mención de responsabilidad
Título propio Historia de la revolución de Nueva España, antiguamente Anáhuac o Verdadero origen y causas de ella con la relación de sus progresos hasta el presente año de 1813
Designación general del material texto impreso
Primer mención de responsabilidad Fray Servando Teresa de Mier
Declaración de responsabilidad subsiguiente coordinación André Saint-Lu, Marie-Cécile Bénassy-Berling
-- prefacio David Brading
205 ## - Declaración de edición
Declaración de edición Edición crítica
210 ## - Publicación, distribución, etc.
Lugar de publicación, distribución, etc. Paris
Nombre del editor, distribuidor, etc. Publications de la Sorbonne
Fecha de publicación, distribución, etc. 1990
215 ## - Descripción física
Designación de material específico y extensión del ítem cxxxii, 690 p
Otras características físicas il.
Dimensiones 24 cm
300 ## - Notas generales
Texto de la nota Incluye índice onomástico
345 ## - Nota de información de adquisición
Fuente de adquisición/dirección de la suscripción [OBSOLETO] Compra
410 #1 - Series
Título Série Langues et Langages
Número de volumen 20
607 ## - Nombre geográfico utilizado como tema
Elemento de entrada México
Subdivisión temática Historia
Subdivisión cronológica Guerra de independencia, 1810-1821
Número Koha 534
660 ## - Código de área geográfica
Código MX
700 ## - Nombre personal - Responsabilidad primaria
Elemento de entrada Mier Noriega y Guerra
Parte del nombre distinta del elemento de entrada José Servando Teresa de
Fechas 1765-1827
Adiciones a los nombres que no sean fechas Fray
Número Koha 3484
702 ## - Nombre personal - Responsabilidad secundaria
Elemento de entrada Bénassy Berling
Parte del nombre distinta del elemento de entrada Marie Cécile
Fechas 1931-
Número Koha 4878
702 ## - Nombre personal - Responsabilidad secundaria
Elemento de entrada Brading
Parte del nombre distinta del elemento de entrada David Anthony
Fechas 1936-2024
Número Koha 2397
702 ## - Nombre personal - Responsabilidad secundaria
Elemento de entrada Saint-Lu
Parte del nombre distinta del elemento de entrada André
Número Koha 5896
801 #0 - Fuente de origen
Agencia cm
900 ## -
-- 1/6839
900 ## -
-- 7100418602\040304
942 ## - ELEMENTOS DE ENTRADA SECUNDARIOS (KOHA)
Tipo de ítem Koha Livre
996 ## -
-- MEX
-- 751145101
-- MMAG
-- 002262
-- 972.031 M632H
-- 20200122LIV
Exemplaires
Estatus retirado Estado de daño Estado de pérdida Fecha de adquisición Biblioteca de origen Biblioteca actual Ubicación en estantería Código de barras Precio de reemplazo Signatura topográfica completa No para préstamo Tipo de ítem Koha Nota pública Nota no pública
      05/08/2025 Casa México Paris Casa México Paris   002262 05/08/2025 972.031 M632H   Livre 20200122LIV 751145101